ბათუმის შოთა რუსთაველის სახელმწიფო უნივერსიტეტის ბიბლიოთეკა

ჩაძირული კუნძული (ბიბ.ჩანაწერი № 48556)

000 -LEADER
fixed length control field 00759nam a2200217Ia 4500
001 - CONTROL NUMBER
control field 15453
003 - CONTROL NUMBER IDENTIFIER
control field GE_BSU
008 - FIXED-LENGTH DATA ELEMENTS--GENERAL INFORMATION
fixed length control field 181216s||||||||xx |||||||||||||| ||und||
040 ## - CATALOGING SOURCE
Transcribing agency GE_BSU
080 ## - UNIVERSAL DECIMAL CLASSIFICATION NUMBER
Universal Decimal Classification number 82-93
100 ## - MAIN ENTRY--PERSONAL NAME
Personal name ჩაჩანიძე,როდამ
245 ## - TITLE STATEMENT
Title ჩაძირული კუნძული
245 ## - TITLE STATEMENT
Remainder of title ფანტასტ. მოთხრობა. უფრ. სასკოლო ასაკის ბავშვთათვის
245 ## - TITLE STATEMENT
Statement of responsibility, etc. რედ.ლ.გოგოხია. მხატვ.გ.კასრაძე
260 ## - PUBLICATION, DISTRIBUTION, ETC.
Place of publication, distribution, etc. თბილისი
260 ## - PUBLICATION, DISTRIBUTION, ETC.
Name of publisher, distributor, etc. ნაკ
260 ## - PUBLICATION, DISTRIBUTION, ETC.
Date of publication, distribution, etc. 1968
300 ## - PHYSICAL DESCRIPTION
Extent 147გვ.19სმ.
653 ## - INDEX TERM--UNCONTROLLED
Uncontrolled term ჩაძირული კუნძული
942 ## - ADDED ENTRY ELEMENTS (KOHA)
Koha item type წიგნი
ეგზემპლარები
Withdrawn status Lost status Damaged status Not for loan Date acquired Barcode Date last seen Price effective from Koha item type
        2018-12-17 38451 2018-12-17 2018-12-17 წიგნი